[Event "Malaga op 16th"]
[Site "Malaga"]
[Date "2022.11.01"]
[Round "9"]
[White "Fernandez Garcia, Javier"]
[Black "Alvarez Sanchez, David"]
[Result "1/2-1/2"]
[WhiteElo "2039"]
[BlackElo "1828"]
[PlyCount "60"]
[EventDate "2022.10.27"]
[EventType "swiss"]
[EventRounds "9"]
[EventCountry "ESP"]
[SourceTitle "EXT 2024"]
[Source "ChessBase"]
[SourceDate "2023.10.10"]
[SourceVersion "1"]
[SourceVersionDate "2023.10.10"]
[SourceQuality "1"]

1. d4 Nf6 2. Nf3 d5 3. e3 c5 4. dxc5 Qa5+ 5. Nbd2 e6 6. a3 Bxc5 7. Bd3 0-0 8. 0-0 Qc7 9. b4 Bd6 10. c4 Nc6 11. Bb2 Ne5 12. Bxe5 Bxe5 13. Nxe5 Qxe5 14. Qb3 b6 15. Nf3 dxc4 16. Bxc4 Qh5 17. Be2 Bb7 18. Rfd1 Rfd8 19. Rac1 Ng4 20. h3 Ne5 21. Nxe5 Qxe5 22. f4 Rxd1+ 23. Rxd1 Qc7 24. Qd3 Rc8 25. Qd7 g6 26. Kf2 Bd5 27. Qxc7 Rxc7 28. Bf3 Bxf3 29. Kxf3 Rc3 30. Ra1 a5 1/2-1/2

[Event "Malaga op 16th"]
[Site "Malaga"]
[Date "2022.10.30"]
[Round "6"]
[White "Lin, Ying Rui"]
[Black "Fernandez Garcia, Javier"]
[Result "1-0"]
[WhiteElo "2402"]
[BlackElo "2039"]
[PlyCount "101"]
[EventDate "2022.10.27"]
[EventType "swiss"]
[EventRounds "9"]
[EventCountry "ESP"]
[SourceTitle "EXT 2024"]
[Source "ChessBase"]
[SourceDate "2023.10.10"]
[SourceVersion "1"]
[SourceVersionDate "2023.10.10"]
[SourceQuality "1"]

1. c4 e6 2. g3 d5 3. Bg2 c6 4. d4 Nf6 5. Nf3 Nbd7 6. 0-0 dxc4 7. a4 c5 8. Na3 Be7 9. Nxc4 0-0 10. a5 a6 11. Qc2 cxd4 12. Nxd4 Bc5 13. Nb3 Bb4 14. Rd1 Qc7 15. Ra4 Be7 16. Nd4 Re8 17. Bf4 e5 18. Nxe5 Qxc2 19. Nxc2 Nc5 20. Rad4 Ne6 21. Rc4 Nxf4 22. gxf4 Be6 23. Rc7 Rac8 24. Rxc8 Bxc8 25. Ne3 g6 26. N3c4 Bc5 27. Nd6 Rd8 28. Nexf7 Rd7 29. Rd3 Rxf7 30. Nxf7 Kxf7 31. Rc3 Nd7 32. b4 Bxb4 33. Rxc8 Bxa5 34. Bxb7 Bd2 35. Bxa6 Bxf4 36. e3 Bd6 37. Kg2 Nf6 38. Bc4+ Kg7 39. f4 h5 40. Kf3 Ng4 41. h3 Nh6 42. Rc6 Be7 43. Bd3 Nf5 44. Bxf5 gxf5 45. e4 fxe4+ 46. Kxe4 Bf6 47. Kf5 Bd8 48. Rc8 Bh4 49. Ke6 Bg3 50. f5 Bh4 51. Rc7+ 1-0

[Event "Mostoles op 6th"]
[Site "Mostoles"]
[Date "2013.07.21"]
[Round "6"]
[White "Aziz Ortego, Omar Luis"]
[Black "Fernandez Garcia, Javier"]
[Result "0-1"]
[WhiteElo "2045"]
[BlackElo "1980"]
[PlyCount "84"]
[EventDate "2013.07.16"]
[EventType "swiss"]
[EventRounds "9"]
[EventCountry "ESP"]
[SourceTitle "EXT 2014"]
[Source "ChessBase"]
[SourceDate "2013.11.20"]
[SourceVersion "1"]
[SourceVersionDate "2013.11.20"]
[SourceQuality "1"]

1. e4 e6 2. d4 d5 3. Bd3 Nf6 4. e5 Nfd7 5. Nd2 c5 6. c3 Nc6 7. Ne2 cxd4 8. cxd4 f6 9. exf6 Nxf6 10. 0-0 Bd6 11. Nf3 Qc7 12. Bg5 0-0 13. Rc1 Ng4 14. h3 Rxf3 15. hxg4 Rf8 16. Qc2 h6 17. Bd2 Qe7 18. g3 e5 19. Bh7+ Kh8 20. dxe5 Nxe5 21. Nf4 Nf3+ 22. Kg2 Bxf4 23. Bxf4 Bxg4 24. Qd3 Ne5 25. Bxe5 Bf3+ 26. Qxf3 Rxf3 27. Rfe1 Qf8 28. Rc7 Rxf2+ 29. Kg1 Rf7 30. Rxf7 Qxf7 31. Bc2 Rf8 32. Bd4 Qf3 33. Kh2 Qh5+ 34. Kg2 Re8 35. Bd1 Qg6 36. Be5 d4 37. Ba4 Re7 38. Bb3 d3 39. Bd5 d2 40. Rf1 Re8 41. Bc3 Re2+ 42. Kf3 Qd3+ 0-1

[Event "Madrid San Viator op 20th"]
[Site "Madrid"]
[Date "2013.05.12"]
[Round "5"]
[White "Fernandez Garcia, Javier"]
[Black "Castro Uceda, Jose Antonio"]
[Result "1-0"]
[WhiteElo "2028"]
[BlackElo "1642"]
[PlyCount "33"]
[EventDate "2013.04.07"]
[EventType "swiss"]
[EventRounds "9"]
[EventCountry "ESP"]
[SourceTitle "EXT 2014"]
[Source "ChessBase"]
[SourceDate "2013.11.20"]
[SourceVersion "1"]
[SourceVersionDate "2013.11.20"]
[SourceQuality "1"]

1. d4 d5 2. Nf3 e6 3. e3 Nf6 4. Bd3 c5 5. b3 Nc6 6. 0-0 Bd6 7. Bb2 0-0 8. Nbd2 Re8 9. Ne5 Qc7 10. f4 a6 11. Nxc6 Qxc6 12. dxc5 Bxc5 13. Bxf6 Bxe3+ 14. Kh1 Bxd2 15. Bxh7+ Kxh7 16. Qh5+ Kg8 17. Qg5 1-0

[Event "Madrid San Viator op 18th"]
[Site "Madrid"]
[Date "2012.04.15"]
[Round "3"]
[White "Fernandez Garcia, Javier"]
[Black "Tolosana Esteban, Enrique"]
[Result "1-0"]
[WhiteElo "2006"]
[BlackElo "1743"]
[PlyCount "73"]
[EventDate "2012.03.25"]
[EventType "swiss"]
[EventRounds "9"]
[EventCountry "ESP"]
[SourceTitle "EXT 2013"]
[Source "ChessBase"]
[SourceDate "2012.11.22"]
[SourceVersion "1"]
[SourceVersionDate "2012.11.22"]
[SourceQuality "1"]

1. d4 Nf6 2. Nf3 e6 3. e3 b6 4. Bd3 Bb7 5. 0-0 Be7 6. c4 0-0 7. Nc3 d5 8. cxd5 exd5 9. Qc2 c5 10. Ne5 Nbd7 11. f4 Nxe5 12. fxe5 c4 13. exf6 Bxf6 14. Bxh7+ Kh8 15. Rf3 Bc8 16. Bf5 g6 17. Bxc8 Rxc8 18. Nxd5 Qxd5 19. Rxf6 Kg7 20. Rf4 f5 21. Bd2 Rh8 22. Bc3 b5 23. e4 Qd6 24. d5+ Kf7 25. e5 Qc5+ 26. Qf2 Qxd5 27. e6+ Qxe6 28. Qxa7+ Ke8 29. Re1 Qxe1+ 30. Bxe1 Rd8 31. Bb4 Rd7 32. Qb8+ Rd8 33. Qe5+ Kd7 34. Qxb5+ Ke6 35. Qxc4+ Rd5 36. Qc6+ Ke5 37. Qc7+ 1-0

[Event "Benidorm op U2200 10th"]
[Site "Benidorm"]
[Date "2011.12.10"]
[Round "10"]
[White "Fernandez Garcia, Javier"]
[Black "Trabazos Gallego, Javier"]
[Result "1-0"]
[WhiteElo "1999"]
[BlackElo "1922"]
[PlyCount "67"]
[EventDate "2011.12.02"]
[EventType "swiss"]
[EventRounds "10"]
[EventCountry "ESP"]
[SourceTitle "CBM 145 Extra"]
[Source "ChessBase"]
[SourceDate "2012.01.03"]
[SourceVersion "1"]
[SourceVersionDate "2012.01.03"]
[SourceQuality "1"]

1. d4 d5 2. Nf3 Bf5 3. c4 e6 4. Qb3 Nc6 5. c5 Na5 6. Qa4+ c6 7. Bd2 Nc4 8. Bc3 b5 9. Qa6 Qc8 10. Qxc8+ Rxc8 11. b3 Bxb1 12. Rxb1 Na3 13. Rb2 a5 14. Bxa5 Ra8 15. Bb4 f6 16. e3 Be7 17. Kd1 Nh6 18. Kc1 Kd7 19. Rd2 Ra7 20. Bd3 g6 21. e4 Rha8 22. Re1 Bd8 23. Kb2 Rb8 24. Bxa3 b4 25. Bxb4 Rxb4 26. exd5 exd5 27. Rde2 Rb8 28. Re8 Rab7 29. Rh8 Kc8 30. Re6 Nf7 31. Rxh7 Ne5 32. Rxb7 Nxd3+ 33. Kc3 Kxb7 34. Kxd3 1-0

[Event "Benidorm op U2200 10th"]
[Site "Benidorm"]
[Date "2011.12.09"]
[Round "9"]
[White "Muratet Casadevall, Elias"]
[Black "Fernandez Garcia, Javier"]
[Result "1/2-1/2"]
[WhiteElo "1923"]
[BlackElo "1999"]
[PlyCount "58"]
[EventDate "2011.12.02"]
[EventType "swiss"]
[EventRounds "10"]
[EventCountry "ESP"]
[SourceTitle "CBM 145 Extra"]
[Source "ChessBase"]
[SourceDate "2012.01.03"]
[SourceVersion "1"]
[SourceVersionDate "2012.01.03"]
[SourceQuality "1"]

1. d4 d5 2. Bf4 Nf6 3. e3 c5 4. c3 Nc6 5. Nf3 Qb6 6. Qb3 c4 7. Qxb6 axb6 8. Be2 b5 9. 0-0 b4 10. cxb4 Nxb4 11. Nc3 Bf5 12. a3 Nd3 13. Bxd3 Bxd3 14. Rfe1 e6 15. Ne5 Bf5 16. f3 Be7 17. e4 dxe4 18. fxe4 Bg6 19. Nxc4 0-0 20. Bd6 Bxd6 21. Nxd6 b6 22. d5 exd5 23. exd5 Rad8 24. Nc4 Nxd5 25. Nxd5 Rxd5 26. Nxb6 Rb5 27. Nc4 Bd3 28. Rec1 Bxc4 29. Rxc4 Rxb2 1/2-1/2

[Event "Benidorm op U2200 10th"]
[Site "Benidorm"]
[Date "2011.12.06"]
[Round "5"]
[White "Romero Haro, Florentino"]
[Black "Fernandez Garcia, Javier"]
[Result "1-0"]
[WhiteElo "1893"]
[BlackElo "1999"]
[PlyCount "55"]
[EventDate "2011.12.02"]
[EventType "swiss"]
[EventRounds "10"]
[EventCountry "ESP"]
[SourceTitle "CBM 145 Extra"]
[Source "ChessBase"]
[SourceDate "2012.01.03"]
[SourceVersion "1"]
[SourceVersionDate "2012.01.03"]
[SourceQuality "1"]

1. e4 e6 2. d4 d5 3. Nc3 Nf6 4. Bg5 Bb4 5. e5 h6 6. Bd2 Bxc3 7. bxc3 Ne4 8. Qg4 g6 9. Bd3 Nxd2 10. Kxd2 c5 11. h4 Nc6 12. h5 g5 13. f4 cxd4 14. cxd4 Nxd4 15. fxg5 Qxg5+ 16. Qxg5 hxg5 17. Nf3 Nc6 18. Rae1 g4 19. Nh2 Rxh5 20. Nxg4 Rxh1 21. Rxh1 Ke7 22. Rh8 b6 23. Ba6 Nd8 24. Bxc8 Rxc8 25. Nf6 Nc6 26. Rxc8 Nxe5 27. Nh5 Kd7 28. Ra8 1-0

[Event "San Sebastian op 34th"]
[Site "San Sebastian"]
[Date "2011.04.17"]
[Round "2"]
[White "Fernandez Garcia, Javier"]
[Black "Alvarez Fernandez, Enrique"]
[Result "0-1"]
[WhiteElo "1976"]
[BlackElo "2374"]
[PlyCount "56"]
[EventDate "2011.04.16"]
[EventType "swiss"]
[EventRounds "9"]
[EventCountry "ESP"]
[SourceTitle "CBM 141 Extra"]
[Source "ChessBase"]
[SourceDate "2011.05.03"]
[SourceVersion "1"]
[SourceVersionDate "2011.05.03"]
[SourceQuality "1"]

1. d4 d5 2. Nf3 Nf6 3. e3 c6 4. c4 a6 5. Nbd2 Bf5 6. Be2 h6 7. b4 e6 8. Qb3 Nbd7 9. Bb2 Be7 10. 0-0 0-0 11. Ne5 Nxe5 12. dxe5 Nd7 13. Rac1 Qb8 14. f4 b5 15. cxd5 cxd5 16. Rc6 Nb6 17. e4 dxe4 18. g4 Bh7 19. f5 Qb7 20. Rfc1 Bg5 21. Rc7 Qd5 22. Qxd5 Nxd5 23. Nxe4 Nxc7 24. Nxg5 hxg5 25. Rxc7 Rfc8 26. Rxc8+ Rxc8 27. Bd3 Rd8 28. Be4 Rd1+ 0-1

[Event "Tres Cantos op 2nd"]
[Site "Tres Cantos"]
[Date "2010.06.27"]
[Round "9"]
[White "Fernandez Garcia, Javier"]
[Black "Fernandez Aransay, Fernando"]
[Result "0-1"]
[WhiteElo "1954"]
[BlackElo "1916"]
[PlyCount "82"]
[EventDate "2010.06.19"]
[EventType "swiss"]
[EventRounds "9"]
[EventCountry "ESP"]
[SourceTitle "CBM 137 Extra"]
[Source "ChessBase"]
[SourceDate "2010.09.01"]
[SourceVersion "1"]
[SourceVersionDate "2010.09.01"]
[SourceQuality "1"]

1. d4 Nf6 2. Nf3 e6 3. e3 b6 4. Bd3 Bb7 5. 0-0 c5 6. c4 Be7 7. Nc3 0-0 8. d5 d6 9. e4 e5 10. Ne1 Nbd7 11. f4 exf4 12. Bxf4 Ne5 13. Nf3 Nfd7 14. Nxe5 Nxe5 15. Bxe5 dxe5 16. Qh5 Bf6 17. Qf3 a6 18. Nd1 Bc8 19. Ne3 Rb8 20. a4 Bd7 21. b3 Be7 22. Ra2 Qc7 23. Raf2 Bh4 24. Re2 Be7 25. Qg3 Qd6 26. Ref2 Rbc8 27. Be2 Qh6 28. Nf5 Bxf5 29. Rxf5 g6 30. R5f2 Bh4 31. Qxe5 Bxf2+ 32. Rxf2 Qc1+ 33. Bf1 Qe3 34. Qf6 Rce8 35. Qxb6 Rxe4 36. Qc7 Qd4 37. g3 f5 38. d6 f4 39. Kg2 f3+ 40. Kg1 Re1 41. Qd7 Rxf1+ 0-1

[Event "Galapagar op 10th"]
[Site "Galapagar"]
[Date "2009.07.22"]
[Round "5"]
[White "Perez Marco, Ricardo"]
[Black "Fernandez Garcia, Javier"]
[Result "0-1"]
[WhiteElo "2183"]
[BlackElo "1923"]
[PlyCount "92"]
[EventDate "2009.07.18"]
[EventType "swiss"]
[EventRounds "9"]
[EventCountry "ESP"]
[SourceTitle "EXT 2010"]
[Source "ChessBase"]
[SourceDate "2010.11.25"]
[SourceVersion "1"]
[SourceVersionDate "2010.11.25"]
[SourceQuality "1"]

1. e4 e6 2. d3 d5 3. Nd2 Nf6 4. Ngf3 b6 5. g3 dxe4 6. dxe4 Bc5 7. Bg2 Ba6 8. c4 Qd3 9. Qe2 Qxe2+ 10. Kxe2 Nc6 11. b3 Nd4+ 12. Nxd4 Bxd4 13. Rb1 0-0-0 14. Nf3 Nxe4 15. Nxd4 Nc3+ 16. Ke3 Nxb1 17. Bb2 Nd2 18. Rd1 Nxc4+ 19. bxc4 c5 20. Rd2 cxd4+ 21. Bxd4 Bb7 22. Bh3 Rhg8 23. c5 b5 24. Rb2 Bc6 25. Be5 Rd7 26. f4 f5 27. Bf1 Rb7 28. Kd4 Kd7 29. Bd6 a5 30. Ke5 Ra8 31. Be2 a4 32. Rd2 Bd5 33. g4 g6 34. gxf5 gxf5 35. Rxd5 exd5 36. Kxd5 Rc8 37. Bd3 Kd8 38. c6 Rb6 39. c7+ Rxc7 40. Bxc7+ Kxc7 41. Kc5 b4 42. Kc4 b3 43. axb3 axb3 44. Bxf5 b2 45. Bb1 Rh6 46. f5 Kd6 0-1

[Event "Galapagar op 10th"]
[Site "Galapagar"]
[Date "2009.07.21"]
[Round "4"]
[White "Fernandez Garcia, Javier"]
[Black "Lorite Cruz, Francisco"]
[Result "1/2-1/2"]
[WhiteElo "1923"]
[BlackElo "2084"]
[PlyCount "34"]
[EventDate "2009.07.18"]
[EventType "swiss"]
[EventRounds "9"]
[EventCountry "ESP"]
[SourceTitle "EXT 2010"]
[Source "ChessBase"]
[SourceDate "2010.11.25"]
[SourceVersion "1"]
[SourceVersionDate "2010.11.25"]
[SourceQuality "1"]

1. d4 Nf6 2. Nf3 e6 3. e3 b6 4. Bd3 Bb7 5. 0-0 Ne4 6. c4 f5 7. Nc3 Be7 8. Nd2 Nxc3 9. bxc3 0-0 10. e4 d6 11. Qc2 g6 12. d5 Nd7 13. Nb3 fxe4 14. Bxe4 e5 15. Bxg6 hxg6 16. Qxg6+ Kh8 17. Qh6+ Kg8 1/2-1/2

[Event "Parla 25 Jubilee op"]
[Site "Parla"]
[Date "2008.09.08"]
[Round "3"]
[White "Sanchez Guijaldo, Demetrio"]
[Black "Fernandez Garcia, Javier"]
[Result "1-0"]
[WhiteElo "2141"]
[BlackElo "1924"]
[PlyCount "65"]
[EventDate "2008.09.06"]
[EventType "swiss"]
[EventRounds "9"]
[EventCountry "ESP"]
[SourceTitle "CBM 126 Extra"]
[Source "ChessBase"]
[SourceDate "2008.11.05"]
[SourceVersion "1"]
[SourceVersionDate "2008.11.05"]
[SourceQuality "1"]

1. e4 e6 2. d4 d5 3. exd5 exd5 4. Nf3 Bd6 5. Bd3 Ne7 6. 0-0 Nbc6 7. c3 Bg4 8. Re1 f6 9. Nbd2 Qd7 10. b4 0-0-0 11. a4 g5 12. a5 h5 13. b5 Nb8 14. Ba3 h4 15. Bc5 Bh5 16. Qc2 Bf7 17. Nf1 g4 18. N3d2 Be6 19. Bxa7 g3 20. fxg3 hxg3 21. hxg3 Rdg8 22. Re3 Bf5 23. Bc5 Bxd3 24. Qxd3 Nf5 25. Rf3 Rg5 26. a6 bxa6 27. bxa6 Bxc5 28. dxc5 Nc6 29. a7 Kb7 30. a8Q+ Rxa8 31. Qb5+ Kc8 32. Rxa8+ Nb8 33. Rxb8# 1-0

[Event "Galapagar 8th op"]
[Site "Galapagar"]
[Date "2007.07.21"]
[Round "1.1"]
[White "Fernandez Garcia, Javier"]
[Black "Roa Alonso, Santiago"]
[Result "0-1"]
[WhiteElo "1935"]
[BlackElo "2445"]
[PlyCount "80"]
[EventDate "2007.07.21"]
[EventType "swiss"]
[EventRounds "9"]
[EventCountry "ESP"]
[SourceTitle "EXT 2024"]
[Source "ChessBase"]
[SourceDate "2023.10.10"]
[SourceVersion "1"]
[SourceVersionDate "2023.10.10"]
[SourceQuality "1"]

1. d4 d5 2. Nf3 Nf6 3. e3 Bf5 4. c4 e6 5. Qb3 Nc6 6. c5 Qc8 7. Bb5 Nd7 8. Nc3 Be7 9. Qa4 Ncb8 10. b4 a5 11. a3 0-0 12. Bb2 c6 13. Be2 Bf6 14. Nd1 Re8 15. Ne5 Qc7 16. f4 g6 17. Nf2 h5 18. Qd1 Bg7 19. g4 hxg4 20. Bxg4 Na6 21. Bc3 Nf6 22. Bf3 Ne4 23. Bxe4 dxe4 24. Nc4 axb4 25. axb4 Rad8 26. Nd6 Rxd6 27. cxd6 Qxd6 28. Rb1 Nc7 29. Bd2 Nd5 30. Rb3 Bf6 31. Ng4 Bh4+ 32. Kf1 Kg7 33. h3 Ra8 34. Ke2 Qc7 35. Rb1 Qb6 36. Qb3 Qb5+ 37. Kd1 Be7 38. Nf2 Ra4 39. Ke1 Bxb4 40. Qc2 Nxe3 0-1

[Event "ESP-ch U18"]
[Site "Mondariz"]
[Date "2003.07.28"]
[Round "1.10"]
[White "Fernandez Garcia, Javier"]
[Black "Vega Gutierrez, Sabrina Neide"]
[Result "0-1"]
[WhiteElo "1959"]
[BlackElo "2231"]
[PlyCount "66"]
[EventDate "2003.07.28"]
[EventType "swiss"]
[EventRounds "8"]
[EventCountry "ESP"]
[SourceTitle "CBM 095 Extra"]
[Source "ChessBase"]
[SourceDate "2003.09.04"]
[SourceVersion "1"]
[SourceVersionDate "2003.09.04"]
[SourceQuality "1"]

1. d4 d5 2. Nf3 c6 3. e3 e6 4. Bd3 f5 5. c4 Nf6 6. 0-0 Bd6 7. b3 Qe7 8. Bb2 0-0 9. Ne5 b6 10. f3 Bb7 11. Nd2 Nbd7 12. Qc2 Rac8 13. e4 dxe4 14. fxe4 Nxe5 15. dxe5 Bc5+ 16. Kh1 Ng4 17. Nf3 Ne3 18. Qc3 Nxf1 19. Rxf1 f4 20. Bc1 Rcd8 21. Bd2 a5 22. Be2 Bb4 23. Qc1 Bxd2 24. Nxd2 c5 25. Bf3 Rd4 26. Re1 Qd7 27. Nb1 Qc7 28. Nc3 Qxe5 29. Qb2 Rd3 30. Rc1 Rfd8 31. h3 Rd2 32. Qa1 R8d3 33. Kg1 Rxf3 0-1